[Event "Let's Play Chess!"]
[Site "http://www.queenalice.com/game.php?id=1612930"]
[Date "2020.5.20"]
[Round "-"]
[White "ketchuplover"]
[Black "xmballd"]
[Result "1-0"]
[WhiteElo "1869"]
[BlackElo "1994"]

1. Nf3 d5 2. b3 Nf6 3. Bb2 e6 4. e3 Be7 5. Be2 O-O 6. O-O c5 7. d3 Nc6 8. Nbd2
b6 9. Ne5 Nxe5 10. Bxe5 Bd6 11. Bxd6 Qxd6 12. h3 Bb7 13. a4 1-0

[Event "Let's Play Chess!"]
[Site "http://www.queenalice.com/game.php?id=1613128"]
[Date "2020.5.21"]
[Round "-"]
[White "ulisses34"]
[Black "ketchuplover"]
[Result "0-1"]
[WhiteElo "1799"]
[BlackElo "1886"]

1. e4 c5 2. Nc3 e6 3. Nf3 Nc6 4. Be2 a6 5. b3 d5 6. exd5 exd5 7. d4 cxd4 8. Nxd4
Bb4 9. Bd2 Nxd4 10. O-O Nxe2+ 11. Qxe2+ Ne7 12. a3 Bxc3 13. Bxc3 O-O 14. Bd4 Nf5
15. Bc5 Re8 16. Qd3 b6 17. Bb4 a5 18. Bc3 d4 19. Bb2 g6 20. c3 Ba6 21. c4 Qd5
22. Rfd1 Qe4 23. Qf1 Bb7 24. Rab1 Rad8 25. Re1 Qc2 26. Rxe8+ Rxe8 27. b4 Nh4 28.
f3 Re2 0-1

[Event "Let's Play Chess!"]
[Site "http://www.queenalice.com/game.php?id=1613246"]
[Date "2020.5.22"]
[Round "-"]
[White "dave_j"]
[Black "ketchuplover"]
[Result "1-0"]
[WhiteElo "1850"]
[BlackElo "1904"]

1. d4 Nf6 2. Nc3 d5 3. h3 g6 4. Nf3 Bg7 5. e3 h5 6. Bd3 h4 7. Nh2 a6 8. Be2 Nc6
9. Ng4 Bxg4 10. Bxg4 Nxg4 11. Qxg4 e6 12. Bd2 Qe7 13. a3 O-O-O 14. b4 b5 15. O-O
Bf6 16. f4 Kb7 17. Qe2 g5 18. fxg5 Bxg5 19. Nxb5 Na7 20. Nc3 c6 21. Na4 f5 22.
Nc5+ Ka8 23. Qxa6 Kb8 24. Qe2 Rdf8 25. a4 e5 26. dxe5 1-0

[Event "Let's Play Chess!"]
[Site "http://www.queenalice.com/game.php?id=1613889"]
[Date "2020.5.27"]
[Round "-"]
[White "bobifixer"]
[Black "ketchuplover"]
[Result "1-0"]
[WhiteElo "1968"]
[BlackElo "1939"]

1. c4 Nf6 2. Nf3 b6 3. g3 Bb7 4. Bg2 e6 5. d4 Bb4+ 6. Bd2 Qe7 7. O-O O-O 8. a3
Bxd2 9. Nbxd2 d6 10. Qc2 Nbd7 11. b4 a5 12. bxa5 Rxa5 13. Nb3 Rh5 14. Rfe1 Be4
15. Qc3 d5 16. Rec1 Bxf3 17. Bxf3 Rh6 18. a4 Ra8 19. e3 Ne4 20. Bxe4 dxe4 21. a5
bxa5 22. Rxa5 Rxa5 23. Qxa5 Qd8 24. Ra1 f5 25. Nc5 Nxc5 26. Qxc5 Kf7 27. Ra7 Kf6
28. Rxc7 1-0

[Event "Let's Play Chess!"]
[Site "http://www.queenalice.com/game.php?id=1613981"]
[Date "2020.5.29"]
[Round "-"]
[White "luisdelape"]
[Black "ketchuplover"]
[Result "0-1"]
[WhiteElo "1861"]
[BlackElo "1926"]

1. e4 Nf6 2. Nc3 d6 3. h3 b6 4. Bc4 Bb7 5. Qf3 e6 6. d3 Be7 7. Nge2 a6 8. a3
Nbd7 9. Bf4 h6 10. b4 g5 11. Be3 Ne5 12. Qg3 Nxc4 13. dxc4 e5 14. O-O Nxe4 15.
Nxe4 Bxe4 16. Rac1 h5 17. Rfd1 h4 18. Qg4 f5 19. Qxe4 fxe4 20. Nc3 c6 21. Nxe4
d5 22. f3 dxe4 23. Rxd8+ Bxd8 24. fxe4 Ra7 25. Rf1 Rf7 26. Rd1 Rg8 27. Rd6 Rf6
28. Rxf6 Bxf6 29. Bxb6 Kd7 30. Kf2 g4 31. hxg4 Rxg4 32. Kf3 Rg3+ 33. Kf2 Rxa3
34. Bc5 Rc3 35. Bf8 Rxc4 0-1

[Event "FATHER OF ALL BRILLIANCIES1"]
[Site "http://www.queenalice.com/game.php?id=1614106"]
[Date "2020.5.28"]
[Round "-"]
[White "Bigchess"]
[Black "ketchuplover"]
[Result "0-1"]
[WhiteElo "1773"]
[BlackElo "1905"]

1. e4 c5 2. Nf3 Nc6 3. Bc4 e6 4. d3 d5 5. exd5 exd5 6. Qe2+ Be7 7. O-O dxc4 8.
dxc4 Nf6 9. Nc3 O-O 10. Be3 Bg4 11. h3 Bxf3 12. Qxf3 Re8 13. Rad1 Qc8 14. Ne2
Ne5 15. Qg3 Ng6 16. Nf4 Qc6 17. Nxg6 hxg6 18. b3 Ne4 19. Qf3 Nc3 20. Qxc6 bxc6
21. Rd7 Nxa2 22. Ra1 Nb4 23. Raxa7 Rxa7 24. Rxa7 Nxc2 25. Bf4 Nd4 26. Be3 Nxb3
27. Rc7 Bf8 28. Rxc6 Rxe3 29. fxe3 Na5 30. Rc8 Nxc4 31. e4 Nd6 32. Rxc5 Nxe4 33.
Rc4 Bc5+ 34. Kh1 f5 35. Ra4 Nf2+ 36. Kh2 Bd6+ 37. g3 Ne4 38. Ra8+ Kf7 39. Ra7+
Kf6 40. Ra6 Kg5 41. Ra7 Bxg3+ 42. Kg2 Be5 43. Rxg7 Bxg7 0-1

[Event "Lettuce Prey"]
[Site "http://www.queenalice.com/game.php?id=1779230"]
[Date "2022.1.5"]
[Round "-"]
[White "igor12345"]
[Black "ketchuplover"]
[Result "1-0"]
[WhiteElo "1100"]
[BlackElo "1909"]

1. e4 d6 2. d4 Nf6 3. Nc3 g6 4. h3 h5 5. Nf3 Bh6 6. Bxh6 Rxh6 7. Qd2 Rh8 8. Bc4
e6 9. a3 Bd7 10. O-O-O a6 11. d5 b5 12. Bb3 e5 13. Ng5 a5 14. f4 a4 15. Ba2 Na6
16. fxe5 dxe5 17. Nf3 Qe7 18. d6 cxd6 19. Qxd6 Qxd6 20. Rxd6 1-0

[Event "Let's Play Chess!"]
[Site "http://www.queenalice.com/game.php?id=1779650"]
[Date "2022.1.8"]
[Round "-"]
[White "igor12345"]
[Black "ketchuplover"]
[Result "1-0"]
[WhiteElo "1100"]
[BlackElo "1909"]

1. e4 c5 2. Nf3 Nc6 3. d4 cxd4 4. Nxd4 Nf6 5. Nc3 e6 6. Bc4 Bb4 7. Nxc6 bxc6 8.
a3 Bxc3+ 9. bxc3 Nxe4 10. Qg4 Nxc3 11. Qxg7 1-0

[Event "Let's Play Chess!"]
[Site "http://www.queenalice.com/game.php?id=1779651"]
[Date "2022.1.8"]
[Round "-"]
[White "raulzampronha"]
[Black "ketchuplover"]
[Result "1-0"]
[WhiteElo "1703"]
[BlackElo "1909"]

1. d4 Nf6 2. c4 e6 3. Nc3 b6 4. Nf3 Bb7 5. a3 a5 6. e3 Be7 7. Bd3 d6 8. O-O Nbd7
9. e4 c6 10. Qe2 O-O 11. e5 dxe5 12. dxe5 Ne8 13. Rd1 Qb8 14. Qe4 g6 15. Qe2 Nc5
16. Bc2 a4 17. h4 h5 18. Bg5 Bxg5 19. Nxg5 Ng7 20. Rd4 Nf5 21. Rf4 Nd7 22. Bxf5
exf5 23. Rxf5 Nc5 24. Rf6 Nd7 25. Rf5 Nxe5 26. Rxe5 f6 27. Re7 fxg5 28. Qe6+ 1-0

[Event "Let's Play Chess!"]
[Site "http://www.queenalice.com/game.php?id=1779652"]
[Date "2022.1.8"]
[Round "-"]
[White "igor12345"]
[Black "ketchuplover"]
[Result "1-0"]
[WhiteElo "1569"]
[BlackElo "1885"]

1. e4 d6 2. d4 g6 3. h3 Bg7 4. b3 c5 5. c3 cxd4 6. cxd4 Qb6 7. Bb2 Nc6 8. Nf3
Bd7 9. Na3 Qb4+ 10. Qd2 Qxd2+ 11. Kxd2 a6 12. Nc4 b5 13. Nb6 Rb8 14. Nxd7 Kxd7
15. Rb1 a5 16. d5 Bxb2 17. Rxb2 Ne5 18. Nxe5+ dxe5 19. Be2 Nf6 20. f3 e6 21.
dxe6+ Kxe6 22. Rc2 Rhd8+ 23. Ke3 Rd6 24. Rd1 Rdb6 25. Rdc1 Ne8 26. Rc6+ Ke7 27.
Rxb6 Rxb6 28. Rc5 Kd6 29. Rxb5 Rxb5 30. Bxb5 Nc7 31. Bc4 h5 32. g3 Ne6 33. Bxe6
fxe6 34. Kd3 Kc5 35. a3 g5 36. Kc3 Kb5 37. h4 gxh4 38. gxh4 1-0

[Event "Let's Play Chess!"]
[Site "http://www.queenalice.com/game.php?id=1835355"]
[Date "2024.4.22"]
[Round "-"]
[White "ketchuplover"]
[Black "igor12345"]
[Result "0-1"]
[WhiteElo "1856"]
[BlackElo "2051"]

1. b3 d5 2. Bb2 c5 3. Nf3 Nc6 4. e3 Bg4 5. Bb5 a6 6. Bxc6+ bxc6 7. h3 Bh5 8. g4
Bg6 9. Ne5 Qc7 10. Nxg6 hxg6 11. f4 f6 12. Qf3 Nh6 13. Rg1 O-O-O 14. a4 Nf7 15.
a5 e5 16. fxe5 Nxe5 17. Bxe5 Qxe5 18. c3 Kc7 19. Rg2 Bd6 20. Na3 Rde8 21. Nc2 d4
22. cxd4 cxd4 23. Rc1 dxe3 24. Nxe3 Qe4 25. Qxe4 Rxe4 26. Kf2 Rxh3 27. Nd5+ Kb7
28. Nc3 Bc5+ 0-1

[Event "Let's Play Chess!"]
[Site "http://www.queenalice.com/game.php?id=1835516"]
[Date "2024.4.30"]
[Round "-"]
[White "ketchuplover"]
[Black "igor12345"]
[Result "0-1"]
[WhiteElo "1864"]
[BlackElo "2046"]

1. Nf3 d5 2. e3 c5 3. Bb5+ Nc6 4. O-O Bd7 5. d4 e6 6. Nc3 a6 7. Bxc6 Bxc6 8. Ne5
Qc7 9. Nxc6 Qxc6 10. Bd2 Nf6 11. a4 c4 12. Qb1 Be7 13. b4 O-O 14. b5 Qc7 15. b6
Qc6 16. a5 Bd6 17. f3 h6 18. Re1 Nd7 19. e4 Rae8 20. e5 Be7 21. g3 f6 22. f4
fxe5 23. fxe5 Rf7 24. Rf1 Ref8 25. Qb2 Qc8 26. Rxf7 Rxf7 27. Rf1 Qf8 28. Qc1
Rxf1+ 29. Qxf1 Qxf1+ 30. Kxf1 Bb4 31. Nb1 Bxd2 32. Nxd2 Nb8 0-1

[Event "Let's Play Chess!"]
[Site "http://www.queenalice.com/game.php?id=1835553"]
[Date "2024.4.24"]
[Round "-"]
[White "ketchuplover"]
[Black "Charles56"]
[Result "1/2-1/2"]
[WhiteElo "1799"]
[BlackElo "1763"]

1. Nf3 b6 2. g3 Bb7 3. Bg2 h6 4. O-O d5 5. d4 Ba6 6. Re1 Nf6 7. Ne5 e6 8. f3 c5
9. e3 c4 10. a3 Bd6 11. c3 Nbd7 12. Qa4 Qc8 13. e4 b5 14. Qc2 dxe4 15. Nxd7 Qxd7
16. fxe4 Bxg3 17. hxg3 Bb7 18. Bf4 Rd8 19. d5 O-O 20. Nd2 Nh5 21. Rf1 exd5 22.
exd5 Bxd5 23. Rad1 Bxg2 24. Kxg2 Qb7+ 25. Kh2 Rd3 26. Nb1 Qe4 27. Qg2 Re8 28.
Qxe4 Rxe4 29. Kh1 Nxg3+ 30. Bxg3 Rxg3 31. Rd4 Re2 32. Rd2 Rxd2 33. Nxd2 Re3 34.
Kg2 g5 35. Kf2 Rd3 36. Ke2 Kg7 37. Rf5 a6 38. b3 Kg6 39. Rc5 Rxc3 40. bxc4 bxc4
41. Rc6+ f6 42. Ne4 Rxa3 43. Nxf6 Kg7 44. Ne4 g4 45. Rxc4 h5 46. Kf2 Kg6 47. Rc2
h4 48. Kg2 Kf5 49. Nf2 h3+ 50. Nxh3 gxh3+ 51. Kh2 Re3 52. Ra2 Kg4 53. Rxa6 Re2+
54. Kh1 Kg3 55. Ra3+ Kg4 56. Kg1 Rg2+ 57. Kh1 1/2-1/2

[Event "Let's Play Chess!"]
[Site "http://www.queenalice.com/game.php?id=1835573"]
[Date "2024.4.27"]
[Round "-"]
[White "bobifixer"]
[Black "ketchuplover"]
[Result "1/2-1/2"]
[WhiteElo "1856"]
[BlackElo "1798"]

1. c4 Nf6 2. Nf3 e6 3. d4 c5 4. e3 d5 5. cxd5 exd5 6. Bb5+ Bd7 7. Bxd7+ Nbxd7 8.
O-O Ne4 9. Nc3 Nxc3 10. bxc3 Be7 11. a4 O-O 12. Ba3 c4 13. Bxe7 Qxe7 14. a5 a6
15. Rb1 Rab8 16. Re1 b6 17. axb6 Rxb6 18. Rxb6 Nxb6 19. Ne5 f6 20. Nf3 g6 21.
Qb1 Qc7 22. Qa2 Ra8 23. Qa5 Qc6 24. Rb1 Nd7 25. h3 Kf7 26. Nd2 Rb8 27. Rxb8 Nxb8
1/2-1/2

[Event "MOTHER GOOSE IS ON THE LOOSE!"]
[Site "http://www.queenalice.com/game.php?id=1835707"]
[Date "2024.4.29"]
[Round "-"]
[White "bobifixer"]
[Black "ketchuplover"]
[Result "1/2-1/2"]
[WhiteElo "1841"]
[BlackElo "1800"]

1. c4 Nf6 2. Nf3 e6 3. g3 b6 4. Bg2 Bb7 5. O-O Be7 6. Nc3 O-O 7. d4 d6 8. Bg5
Ne4 9. Bxe7 Qxe7 10. Nxe4 Bxe4 11. Rc1 Nd7 12. Qd2 Bb7 13. Rfe1 Nf6 14. Qc2 Be4
15. Qd2 c5 16. dxc5 dxc5 17. Qc3 a6 18. Ne5 Bxg2 19. Kxg2 Rfc8 20. Rcd1 Qb7+ 21.
Kg1 Rd8 22. f3 Nd7 23. Ng4 Nf8 24. Qe5 Qb8 25. Qg5 Kh8 26. e4 Rxd1 27. Rxd1 Qe8
28. b3 Rc8 29. h4 f6 30. Qd2 h5 31. Ne3 Kh7 32. Qd6 Rc6 1/2-1/2

[Event "PIECE BE WITH YOU"]
[Site "http://www.queenalice.com/game.php?id=1835712"]
[Date "2024.4.27"]
[Round "-"]
[White "LuizFerreira"]
[Black "ketchuplover"]
[Result "0-1"]
[WhiteElo "1346"]
[BlackElo "1862"]

1. Nf3 Nf6 2. Nc3 d5 3. e3 g6 4. g3 Bg7 5. b3 O-O 6. Ba3 Re8 7. h3 Nc6 8. h4 e5
9. Qe2 d4 10. exd4 exd4 11. Ne4 Rxe4 12. Ng5 Rxe2+ 13. Bxe2 h6 14. Nf3 Bg4 15.
Nh2 Bxe2 16. Kxe2 Qe8+ 17. Kf1 Ne4 18. Nf3 d3 19. cxd3 Bxa1 20. dxe4 Qxe4 21.
Kg2 Ne5 22. d3 Qxf3+ 23. Kh3 Qxh1# 0-1

[Event "Let's Play Chess!"]
[Site "http://www.queenalice.com/game.php?id=1835756"]
[Date "2024.4.27"]
[Round "-"]
[White "josebaron"]
[Black "ketchuplover"]
[Result "1/2-1/2"]
[WhiteElo "2213"]
[BlackElo "1848"]

1. e4 d6 2. Nf3 Nf6 3. Nc3 c6 4. Be2 g6 5. d4 Bg7 6. O-O Bg4 7. h3 Bxf3 8. Bxf3
Nbd7 9. a4 O-O 10. a5 a6 11. Re1 e5 12. Bg5 h6 13. Be3 Re8 14. Kh1 Qc7 15. Kg1
exd4 16. Bxd4 c5 17. Bxf6 Bxf6 18. Nd5 Qd8 19. Nxf6+ Qxf6 20. c3 Ne5 21. Be2 c4
22. Qd5 Rab8 23. Bxc4 Nxc4 24. Qxc4 Rbc8 25. Qd5 Rc6 26. Qb3 Rb8 27. Rad1 b5 28.
Qd5 Rbc8 29. e5 1/2-1/2

[Event "Let's Play Chess!"]
[Site "http://www.queenalice.com/game.php?id=1835814"]
[Date "2024.5.8"]
[Round "-"]
[White "scarabeli"]
[Black "ketchuplover"]
[Result "1-0"]
[WhiteElo "1580"]
[BlackElo "1825"]

1. e4 d6 2. Nf3 Nf6 3. Nc3 g6 4. d4 Bg7 5. Be2 O-O 6. Be3 c6 7. a4 a5 8. h3 Na6
9. O-O Nb4 10. Qd2 b6 11. Rad1 Ba6 12. Bxa6 Rxa6 13. Bh6 Nh5 14. Bxg7 Kxg7 15.
Rfe1 Qb8 16. e5 dxe5 17. dxe5 Kg8 18. Qh6 f6 19. exf6 exf6 20. Re7 Rf7 21. Rxf7
Kxf7 22. Qxh7+ 1-0

[Event "Let's Play Chess!"]
[Site "http://www.queenalice.com/game.php?id=1835873"]
[Date "2024.4.29"]
[Round "-"]
[White "Ricktado"]
[Black "ketchuplover"]
[Result "0-1"]
[WhiteElo "1671"]
[BlackElo "1802"]

1. d4 d5 2. e4 dxe4 3. d5 Nf6 4. Bb5+ Bd7 5. Nc3 a6 6. Bxd7+ Qxd7 7. Nge2 e6 8.
Nf4 exd5 9. Nfxd5 Nxd5 10. Nxd5 Be7 11. c4 O-O 12. O-O Rd8 13. Bf4 Bd6 14. Bxd6
Qxd6 15. Re1 f5 0-1

[Event "Let's Play Chess!"]
[Site "http://www.queenalice.com/game.php?id=1836122"]
[Date "2024.5.13"]
[Round "-"]
[White "Jack_7"]
[Black "ketchuplover"]
[Result "1-0"]
[WhiteElo "1083"]
[BlackElo "1813"]

1. d4 Nf6 2. Nh3 d5 3. g3 h6 4. Nc3 c6 5. Be3 g6 6. Qd3 Bf5 7. Qd2 Qd7 8. O-O-O
Bxh3 9. Bxh3 Qxh3 10. Bf4 Bg7 11. f3 Nbd7 12. b4 Nh5 13. b5 Nxf4 14. Qxf4 e5 15.
Qg4 Qxg4 16. fxg4 exd4 17. Na4 cxb5 18. Nb2 O-O 19. h4 a5 20. Rh3 Rfe8 21. Re1
a4 22. a3 Re3 23. c4 1-0

[Event "Let's Play Chess!"]
[Site "http://www.queenalice.com/game.php?id=1836199"]
[Date "2024.5.13"]
[Round "-"]
[White "Jack_7"]
[Black "ketchuplover"]
[Result "1-0"]
[WhiteElo "1041"]
[BlackElo "1855"]

1. Nh3 g6 2. Nc3 Bg7 3. b3 b6 4. d4 Bb7 5. e4 h6 6. f4 e6 7. Na4 Bxe4 8. Be3 Ne7
9. c4 c5 10. dxc5 Bxa1 11. Qxa1 O-O 12. Qe5 f5 13. Bd4 1-0